004160000a22001810004500082001800000518001100018530000600029100002000035245003700055020001900092260004500111260000900156300001400165041000800179650001600187650001400203650001700217 a363.8bO5bcT a970721 aM aOkoye, Z. S. C. aBiochemical aspects of nutrition a0-87692-707-10 aNew DelhibPrentice-Hall of India, India c1992 axii,259p. aEng aFood supply aNutrition aMalnutrition